000 00689nam a2200253Ia 4500
003 OSt
005 20221007074641.0
006 a|||||r|||| 00| 0
007 ta
008 221006b |||||||| |||| 00| 0 eng d
024 _a8,804
037 _cTextual
040 _aFLL
_cFLL
_beng
041 _2eng
_aeng
082 _aR44Z, P3
100 _aAiyar P.Ramanatha Au.
_9692310
245 0 _aLegal and professional ethics
250 _a3rd
260 _aNagpur
_bWadhwa and comp. India
_c2003
300 _axxxviii,568p
_ccm.
650 _aLegal and professional ethics
_9693043
942 _hR44Z, P3
_cTEXL
_2CC
999 _c1153211
_d1153211